Music Quiz

Random Music or Kpop Quiz

Idols That Caught My Attention Quiz Stats

 Plays Quiz not verified by Sporcle

Support Sporcle.
Go Orange.
Score 0/44 Timer 10:00
0 Plays Today
% Correct
Hwasa
100%
Jennie
99.3%
RM
98.5%
Vernon
97.8%
Bambam
97.1%
Taemin
97.1%
Seulgi
97.1%
Wonho
96.3%
Yeji
96.3%
Bobby
95.6%
Moonbin
94.9%
Taeyong
94.9%
Johnny
94.9%
Changbin
94.1%
Hui
93.4%
Hongjoong
92.6%
Jihyo
92.6%
Taehyun
91.9%
Soyeon
91.9%
Haechan
91.2%
Jeonghan
88.2%
Tao
86.8%
% Correct
Aisha
84.6%
LE
84.6%
Sinb
83.8%
Yooa
81.6%
Q
80.9%
Leo
80.9%
Hwanwoong
79.4%
Byeongkwan
78.7%
Yves
76.5%
BX
73.5%
Taeyang
73.5%
Siyeon
72.1%
Yoshi
71.3%
Yoojung
69.9%
Subin
67.6%
Daeyeol
57.4%
Yujin
55.9%
Wonjin
54.4%
Remi
44.1%
Woonggi
41.9%
Dongheon
36%
Timoteo
33.8%

You're not logged in!

Compare scores with friends on all Sporcle quizzes.
OR
Log In
Forgot?

From the Vault

Largest Countries

by davidr

As a matter of perspective, if you took these 25 largest countries and glued them all together, they still wouldn't fill up the Pacific Ocean.
Remove Ads.
Support Sporcle.
Get the best of Sporcle when you Go Orange. This ad-free experience offers more features, more stats, and more fun while also helping to support Sporcle. Thank you for becoming a member.

Show Comments

Extras

Created Apr 20, 2021ReportNominate
Tags:Kpop Quiz

Top Quizzes Today


Score Distribution

Your Account Isn't Verified!

In order to create a playlist on Sporcle, you need to verify the email address you used during registration. Go to your Sporcle Settings to finish the process.

Report this User

Report this user for behavior that violates our Community Guidelines.

Details: